Lex et Scientia International Journal

Detalles Bibliográficos
Formato: Desconocido
Lenguaje:inglés
Publicado: Rumana̕ : Universitatea Nicolae Titulescu
Materias:
Acceso en línea:Acceso restringido

MARC

LEADER 00000ny a22000003n 4500
005 20110513132410.0
008 071017c19uu9999us mr pss 0 a0eng d
022 |a 2066-1886 
035 |a 5077 
040 |a BUS  |d vLex 
090 |c 1884  |d 1884 
245 3 0 |a Lex et Scientia International Journal  |h [Recurso electrn̤ico] 
256 |a Servicio en ln̕ea 
260 |a Rumana̕ :  |b Universitatea Nicolae Titulescu  
310 |a Semestral 
506 1 |a Contenido solo disponible en los productos indicados  |d vLex Global  |d vLex Global (Academic Edition, excluding Law Schools)  |d vLex Global (U.S. Academic Edition, Law Schools)  |d vLex Global (U.S. Academic Edition, excluding Law Schools)  |d vLex Global (Academic Edition, Law Schools) 
650 0 4 |a Derecho internacional privado  |2 Tesauro vLex 
650 0 4 |a Fuentes del derecho Civil  |2 Tesauro vLex 
740 0 |a vLex Revista (Servicios en ln̕ea) 
843 |a Electrn̤ica. Abierta 
856 4 0 |u http://vlex.com/source/5077  |z Acceso restringido 
942 |c REV